<?xml version="1.0" encoding="UTF-8"?>
<marc:record xmlns:marc="http://www.loc.gov/MARC21/slim">
   <marc:leader>00000nam a2200000 a 4500</marc:leader>
   <marc:datafield ind1="1" ind2=" " tag="100">
      <marc:subfield code="a">Rauh, Wolfgang</marc:subfield>
      <marc:subfield code="4">aut</marc:subfield>
      <marc:subfield code="e">Verfasser/-in</marc:subfield>
   </marc:datafield>
   <marc:datafield ind1="1" ind2=" " tag="100">
      <marc:subfield code="a">Dudek, Sandra</marc:subfield>
   </marc:datafield>
   <marc:datafield ind1=" " ind2=" " tag="653">
      <marc:subfield code="a">S||Kommunikation</marc:subfield>
   </marc:datafield>
   <marc:datafield ind1=" " ind2=" " tag="653">
      <marc:subfield code="a">PR</marc:subfield>
   </marc:datafield>
   <marc:datafield ind1=" " ind2=" " tag="653">
      <marc:subfield code="a">S||Verkehrsplanung</marc:subfield>
   </marc:datafield>
   <marc:datafield ind1=" " ind2=" " tag="653">
      <marc:subfield code="a">S||Ökologie</marc:subfield>
   </marc:datafield>
   <marc:datafield ind1=" " ind2=" " tag="653">
      <marc:subfield code="a">S||Mobilität</marc:subfield>
   </marc:datafield>
   <marc:datafield ind1="0" ind2="0" tag="245">
      <marc:subfield code="a">Kommunikation und Marketing für sichere, umweltorientierte Mobilität</marc:subfield>
   </marc:datafield>
   <marc:datafield ind1="0" ind2="0" tag="245">
      <marc:subfield code="c">Wolfgang Rauh. Hrsg. v. VCÖ, Verkehrsclub Österreich</marc:subfield>
   </marc:datafield>
   <marc:datafield ind1=" " ind2="1" tag="264">
      <marc:subfield code="a">Wien</marc:subfield>
      <marc:subfield code="b">VCÖ</marc:subfield>
      <marc:subfield code="c">2000</marc:subfield>
   </marc:datafield>
   <marc:datafield ind1="1" ind2=" " tag="490">
      <marc:subfield code="a">Wissenschaft &amp; Verkehr</marc:subfield>
      <marc:subfield code="v">1/2000</marc:subfield>
   </marc:datafield>
   <marc:datafield ind1="1" ind2=" " tag="520">
      <marc:subfield code="a">Kommunikation, Werbung, PR und Imagekampagnen sind für jede Dienstleistung und bei jedem Produkt wichtig - auch für die sicheren und umweltfreundlichen Verkehrsarten gehen, Radfahren und Öffentlicher Verkehr sowie für die Verkehrsplanung. In der VCÖ-Publikation werden zahlreiche gelungene Beispiele präsentiert, wie Verkehrsunternehmen, Gebietskörperschaften, abera uch Betriebe, Vereine oder Organisationen vorbildliche Kommunikation für den Öffentlichen Verkehr, das Radfahren und Gehen betrieben haben. Der VCÖ zeigt, dass Kommunikation bei der Imagegestaltung der Verkehrsmittel, beim Bekanntheitsgrad von Angeboten des Umweltverbundes sowie bei der Akzeptanz von Maßnahmen im Bereich Verkehrssicherheit und Verkehrsplanung eine zentrale Rolle spielt.</marc:subfield>
   </marc:datafield>
   <marc:datafield ind1=" " ind2=" " tag="020">
      <marc:subfield code="a">3901204245</marc:subfield>
      <marc:subfield code="9">3901204245</marc:subfield>
   </marc:datafield>
   <marc:datafield ind1=" " ind2=" " tag="300">
      <marc:subfield code="a">56 S.</marc:subfield>
   </marc:datafield>
</marc:record>
